| 000 | 00572nam a22002057a 4500 | ||
|---|---|---|---|
| 999 |
_c7549 _d7549 |
||
| 003 | OSt | ||
| 005 | 20211129112525.0 | ||
| 008 | 211129b ||||| |||| 00| 0 eng d | ||
| 020 | _a9788120330467 | ||
| 040 | _cDDC | ||
| 082 | _a338.544 HAN 2005 | ||
| 100 |
_aHanke, John E; Wichern, Dean W _915451 |
||
| 245 | _aBusiness Forecasting . | ||
| 250 | _a8th.ed. | ||
| 260 |
_aPrentice Hall of India: _bNew Delhi; _c2005, |
||
| 300 |
_axv,535p.: _bill; _c25cm, |
||
| 504 | _a Includes bibliographies and index. | ||
| 650 |
_aBusiness forecasting. _915452 |
||
| 942 |
_2ddc _cBOOK |
||